Introduction to nuclear and particle physics / (Record no. 27751)

MARC details
000 -LEADER
fixed length control field 00989nam a22002777a 4500
005 - DATE AND TIME OF LATEST TRANSACTION
control field 20090622134548.0
008 - FIXED-LENGTH DATA ELEMENTS--GENERAL INFORMATION
fixed length control field 060620s2007 cauab b 001 0 eng
010 ## - LCCN (DPL NO)
LC control number ENG-94169
020 ## - INTERNATIONAL STANDARD BOOK NUMBER
International Standard Book Number 9788120336100
Terms of availability 350.00
035 ## - SYSTEM CONTROL NUMBER
System control number EN-77702
037 ## - SOURCE OF ACQUISITION
Source of stock number/acquisition DBAD / PUB
040 ## - CATALOGING SOURCE
Original cataloging agency dpl
Language of cataloging English
082 ## - DEWEY DECIMAL CLASSIFICATION NUMBER
Classification number 539.7
100 ## - MAIN ENTRY--PERSONAL NAME
Personal name Mittal, V.K.
245 ## - TITLE STATEMENT
Title Introduction to nuclear and particle physics /
Statement of responsibility, etc by V.K. Mittal, R.C. Verma [and] S.C. Gupta
260 ## - PUBLICATION, DISTRIBUTION, ETC. (IMPRINT)
Place of publication, distribution, etc New Delhi
Name of publisher, distributor, etc PHI Learning
Date of publication, distribution, etc 2009
270 ## - ADDRESS
Address M-97 Connaught Circus
City New Delhi
Postal code 110001
300 ## - PHYSICAL DESCRIPTION
Extent xiii, 370p.
Dimensions 26cm(pbk)
500 ## - GENERAL NOTE
General note Includes index
650 ## - SUBJECT ADDED ENTRY--TOPICAL TERM
Topical term or geographic name as entry element Nuclear physics.
650 ## - SUBJECT ADDED ENTRY--TOPICAL TERM
Topical term or geographic name as entry element Particles (Nuclear physics)
700 ## - ADDED ENTRY--PERSONAL NAME
Personal name Verma, R.C.
700 ## - ADDED ENTRY--PERSONAL NAME
Personal name Gupta, S.C.
942 ## - ADDED ENTRY ELEMENTS (KOHA)
Source of classification or shelving scheme Dewey Decimal Classification
Item type English Books
Call number suffix MIT
Classification part 539.7
Holdings
Withdrawn status Lost status Source of classification or shelving scheme Damaged status Not for loan Collection code Home library Current library Date acquired Source of acquisition Cost, normal purchase price Total Checkouts Full call number Barcode Date last seen Copy number Cost, replacement price Koha item type
    Dewey Decimal Classification   Not For Loan Non-fiction D.B.Act.Division D.B.Act.Division 22/06/2009 DBAD / PUB 350.00   539.7 MIT EN-77702 22/06/2009 1 350.00 English Books

© Delhi Public Library
Hit Counter
free hit counter